The subway cyclops / (Record no. 110646)
[ view plain ]
| 000 -LEADER | |
|---|---|
| fixed length control field | 00551nam a2200181 a 4500 |
| 001 - CONTROL NUMBER | |
| control field | 1842 |
| 005 - DATE AND TIME OF LATEST TRANSACTION | |
| control field | 20140414131901.0 |
| 008 - FIXED-LENGTH DATA ELEMENTS--GENERAL INFORMATION | |
| fixed length control field | 010420s19uu xx 00 eng d |
| 020 ## - INTERNATIONAL STANDARD BOOK NUMBER | |
| International Standard Book Number | 971-630-053-0 |
| 050 ## - LIBRARY OF CONGRESS CALL NUMBER | |
| Classification number | FIC |
| Item number | B59 1996 |
| 100 ## - MAIN ENTRY--PERSONAL NAME | |
| Personal name | Blanco, Marivi Soliven |
| 245 ## - TITLE STATEMENT | |
| Title | The subway cyclops / |
| Statement of responsibility, etc | by Marivi Soliven Blanco ; pictures by Remus San Diego. |
| 260 ## - PUBLICATION, DISTRIBUTION, ETC. (IMPRINT) | |
| Place of publication, distribution, etc | Manila : |
| Name of publisher, distributor, etc | Tahanan Book for Young Readers, |
| Date of publication, distribution, etc | 1996. |
| 300 ## - PHYSICAL DESCRIPTION | |
| Extent | 79 p. : ill. ; cm. |
| 440 ## - SERIES STATEMENT/ADDED ENTRY--TITLE | |
| Title | Jenny and Jay Mystery, #4 |
| 650 ## - SUBJECT ADDED ENTRY--TOPICAL TERM | |
| Topical term or geographic name as entry element | Mysteries |
| General subdivision | Fiction. |
| Withdrawn status | Lost status | Damaged status | Use restrictions | Home library | Current library | Shelving location | Date acquired | Source of acquisition | Total Checkouts | Full call number | Barcode | Date last seen | Price effective from | Koha item type |
|---|---|---|---|---|---|---|---|---|---|---|---|---|---|---|
| Munich Library | Munich Library | Fiction Section | 12/23/2004 | FIC B59 1996 | M1104 | 04/14/2014 | 04/14/2014 | Books |